Search the Library Catalogue
| 000 -LEADER | |
|---|---|
| fixed length control field | 00443nam a2200145 a 4500 |
| 008 - FIXED-LENGTH DATA ELEMENTS--GENERAL INFORMATION | |
| fixed length control field | 251018s2025##################000#0#eng## |
| 020 ## - INTERNATIONAL STANDARD BOOK NUMBER | |
| ISBN | 9788121104098 |
| 082 04 - DEWEY DECIMAL CLASSIFICATION NUMBER | |
| Classification number | 583.7709 |
| Item number | BON |
| 100 ## - MAIN ENTRY--AUTHOR NAME | |
| Personal name | Bonavia, E. |
| 245 10 - TITLE STATEMENT | |
| Title | The Cultivated Oranges And Lemons Of India And Ceylon (Set Of 2 Vols.) |
| Statement of responsibility, etc | E.Bonavia |
| 260 ## - PUBLICATION, DISTRIBUTION, ETC. (IMPRINT) | |
| Place of publication | Dehradun |
| Name of publisher | M/s Bishen Singh Mahendra Pal Singh |
| Year of publication | 2006 |
| 650 ## - SUBJECT ADDED ENTRY--TOPICAL TERM | |
| Topical Term | Botany |
| 942 ## - ADDED ENTRY ELEMENTS (KOHA) | |
| Koha item type | English Books |
| Withdrawn status | Lost status | Damaged status | Not for loan | Home library | Current library | Shelving location | Date acquired | Full call number | Accession Number | Price effective from | Koha item type |
|---|---|---|---|---|---|---|---|---|---|---|---|
| Anna Centenary Library | Anna Centenary Library | 5TH FLOOR, B WING | 18.10.2025 | 583.7709 BON | 173138 | 18.10.2025 | English Books | ||||
| Anna Centenary Library | Anna Centenary Library | 6TH FLOOR, A WING | 18.10.2025 | 583.7709 BON | 173137 | 18.10.2025 | English Books |